Asimpotičeskije metody v differencial'nych i integro-differencial'nych uravnenijach

Na minha lista:
Detalhes bibliográficos
Formato: Livro
Idioma:russo
Publicado em: Kijev Višča škola 1986
Edição:1. izd.
Tags: Adicionar Tag
Sem tags, seja o primeiro a adicionar uma tag!

MARC

LEADER 00000nam a2200000 4500
001 c037117
005 20260128070437.0
041 0 |a rus 
044 |a UA 
245 1 0 |a Asimpotičeskije metody v differencial'nych i integro-differencial'nych uravnenijach  |c Nikolaj Ivanovič Šikl', Aleksej Nikolajevič Voronoj, Valentin Nikolajevič Lejfura 
250 |a 1. izd. 
264 1 |a Kijev  |b Višča škola  |c 1986 
300 |a 246 s.